MARC

LEADER 00000nam0a2200000 4500
001 263342
005 20231101233729.0
020 |a RU  |b 88-30579 
035 |a (RuTPU)RU\TPU\book\286327 
090 |a 263342 
100 |a 20140607d1988 k y0rusy5003 ca 
101 0 |a rus 
102 |a AM 
105 |a y z 001zy 
200 1 |a Эстетическая организация предметной среды  |f С. С. Арзуманян  |g Академия наук Армянской ССР (АН АрмССР), Институт философии и права 
210 |a Ереван  |c Изд-во АН АрмССР  |d 1988 
215 |a 116 с. 
305 |a Загл. также: арм. 
320 |a Библиогр. в примеч.: с.112-117. 
606 1 |a Эстетика  |2 stltpush  |3 (RuTPU)RU\TPU\subj\21426  |9 46424 
610 1 |a техническая эстетика 
610 1 |a эстетические категории 
610 1 |a природная среда 
610 1 |a эстетическая организация 
610 1 |a красота 
610 1 |a законы 
610 1 |a человеческая деятельность 
686 |a Ю8  |2 rubbk 
700 1 |a Арзуманян  |b С. С.  |g Светлана Суреновна  |4 070 
712 0 2 |a Академия наук Армянской ССР (АН АрмССР)  |b Институт философии и права  |2 stltpush  |3 (RuTPU)RU\TPU\col\19039 
801 0 |a RU  |b RuMRKP  |c 19950417  |g psbo 
801 1 |a RU  |b 63413507  |c 20140607 
801 2 |a RU  |b 63413507  |c 20150226  |g RCR 
942 |c BK